00357nam a2200121 a 4500008004100000050001300041100001900054245007800073260004000151300001500191350000900206700002000215120416s2004 ||||||||||||||||| || u aIBRD(08) aPradhan, Menno10aLocal conflict in Indonesia: measuring incidence and identifying patterns aWashington, D. C.bWorld Bankc2004 a47p.: ill. a0.00 aBarron, Patrick